000 01101nam a2200265Ia 4500
003 OSt
005 20221005105106.0
006 a|||||r|||| 00| 0
007 ta
008 221004b |||||||| |||| 00| 0 hin d
020 _a9789380172484 (pbk)
_cINR 200.00
024 _a37731
037 _b1519, 21/02/2018, Bookwell
_cTextual
040 _aCRL
_cCRL
_bhin
041 _2hin
_ahin
082 _aV1.N, 152Q5
100 _aदेशपाण्डे, अनिरूद्ध, संपा.
245 0 _aविश्व इतिहास के प्रमुख मुद्दे
_b बदलते आयाम
246 _aVishva itihās ke pramukh mudde: badalate āyāma
260 _aदिल्ली
_bहिंदी माध्यम कार्यान्वय निदेशालय भारत
_c2015
300 _a567पृ0
_ccm.
650 _aविश्व-इतिहास
942 _hV1.N, 152Q5
_cTEXL
_2cc
999 _c1014725
_d1014725